000 04953namaa22004571i 4500
003 EG-GICUC
005 20260427120756.0
008 260406s2025 ua a|||frm||| 000 0 eng d
040 _aEG-GICUC
_beng
_cEG-GICUC
_dEG-GICUC
_erda
041 0 _aeng
_beng
_bara
049 _aDeposit
082 0 4 _a615.19
092 _a615.19
_221
097 _aM.Sc
099 _aCai01.08.03.M.Sc.2025.Ha.A
100 0 _aHamees Abdelaty Adawy Kenawy,
_epreparation.
245 1 0 _aAdvanced analytical study on some drugs containing amide group /
_cby Hamees Abdelaty Adawy Kenawy ; Supervision Prof. Dr. Maha Abdel-Moneam Hegazy, Prof. Dr. Shereen Ahmed Boltia, Prof. Dr. Samah Sabry Saad.
246 1 5 _aدراسة تحليلية متقدمة على بعض الأدوية المحتوية علي مجموعة الأميد
264 0 _c2025.
300 _a73 pages :
_billustrations ;
_c25 cm. +
_eCD.
336 _atext
_2rda content
337 _aUnmediated
_2rdamedia
338 _avolume
_2rdacarrier
502 _aThesis (M.Sc)-Cairo University, 2025.
502 _aAnother copy of the master's thesis is available, presented as a dedication.
504 _aBibliography: pages 67-73.
520 3 _aThis thesis includes analytical contribution to the analysis of pharmaceutical compounds in pharmaceutical formulations either singly or in combination. Different analytical techniques were applied for the determination of formoterol fumarate dihydrate, in its single formulation and with its co-formulated drug, fluticasone propionate. Formoterol fumarate dihydrate is a long-acting beta 2-agonist utilized in control of asthma and chronic obstructive pulmonary disease, it is co-formulated with fluticasone propionate as a potent synthetic glucocorticoid receptor agonist which is used as an anti-allergic agent, anti- inflammatory and anti-asthmatic, in the form of inhaling powder or aerosol, for the management and treatment of asthma, allergic and non-allergic rhinitis also for management of symptoms for the corona virus patient. As well as the applicability of the developed methods for routine analysis of the studied drugs in pure form, mixtures, and their pharmaceutical formulations were checked for quality control laboratories assay. Also, the developed methods were compared statistically to the reported HPLC method. We highlight the impact of applying green analytical chemistry in the suggested techniques of analysis, demonstrating the greener and the eco-friend of the analytical performance techniques, as they neither use nor produce harmful or corrosive chemicals or toxic wastes generation.
520 3 _aتتناول هذه الرسالة دراسة تحليلية لبعض الادوية التي تحتوي على مجموعة الاميد سواء منفردة أو في مخاليط, وﻗد تم اﺧتيار مركب فورموتيرول فيومارات دايهيدرات بالاضافة الي فلوتيكازون بروبيونات والهدف مﻦ هﺬه الرسالة هو استنباط طرق جديدة تتميز بالبساطة والدﻗة ودرجة الحساسية المناسبة لتحليل هذه المركبات في وجود ﺧليط منها و/أو منفرده وكذلك في وجود أدوية أﺧرى، وإمكانية تطبيق الطرائق المستحدثة لتحليل اﻷدوية المختارة في مستحضراتها الصيدلية ومقارنتها بالطرق المرجعية . تحتــوي هــﺬه الرســالة علــى اربعة أجــزاء تتضمﻦ: التــراث العلمــي والدراســة العمليــة كما تحتوي علي ستة وثلاثون صورة و اثنين وعشرون جدو ل و ثمانية وثلاثون مرجع في قائمة المراجع بالإضافة الي المراجع الموجودة في كل بحث منشور.
530 _aIssues also as CD.
546 _aText in English and abstract in Arabic & English.
650 0 _aAnalytical Chemistry
650 0 _aكيمياء تحليلية
653 1 _aFormoterol fumarate dihydrate
_aFluticasone propionate
_aRatio subtraction method
_aFirst derivative ratio spectra
_aRatio difference spectrophotometry
_aDerivative spectrofluorimetry
_aB-cyclodextrin
_aMussel-inspired polymers
_aPoly (methyldopa)
_aMolecularly imprinted polymers
_aفورموتيرول فيومارات
_aفلوتيكازون بروبيونات
700 0 _aMaha Abdel-Moneam Hegazy
_ethesis advisor.
700 0 _aShereen Ahmed Boltia
_ethesis advisor.
700 0 _aSamah Sabry Saad
_ethesis advisor.
900 _b01-01-2025
_cMaha Abdel-Moneam Hegazy
_cShereen Ahmed Boltia
_cSamah Sabry Saad
_UCairo University
_FFaculty of Pharmacy
_DDepartment of Pharmaceutical Analytical Chemistry
905 _aShimaa
_eEman Ghareb
942 _2ddc
_cTH
_e21
_n0
999 _c179232